| 000 | 00511nam a2200205Ia 4500 | ||
|---|---|---|---|
| 999 |
_c3959 _d3959 |
||
| 003 | 0100 | ||
| 008 | 130227s9999 xx 000 0 und d | ||
| 040 | _cARRUPELIB | ||
| 050 | _aDT459.M67 | ||
| 100 |
_aMondlane, Eduardo _930350 |
||
| 245 | _aLutar por Mozambique | ||
| 260 |
_bTerceiro Mundo _aCapa de Sebastiao Rodrigues _c1995 |
||
| 300 | _a276p | ||
| 300 | _b 21cm | ||
| 650 |
_bMozambique _xPolitics _930351 |
||
| 700 |
_ada Graca Forjaz, Maria (ed) _930352 |
||
| 942 |
_2lcc _02 _cMONOGRAPH |
||